[Event "POL-chT 2nd League"]
[Site "Jastrzebia Gora"]
[Date "2023.09.08"]
[Round "7.20"]
[White "Bronowicki, Mateusz"]
[Black "Kolodziejski, Piotr"]
[Result "1/2-1/2"]
[WhiteElo "2189"]
[BlackElo "2276"]
[PlyCount "118"]
[EventDate "2023.09.02"]
[EventType "team-swiss"]
[EventRounds "9"]
[EventCountry "POL"]
[SourceTitle "EXT 2024"]
[Source "ChessBase"]
[SourceDate "2023.10.10"]
[SourceVersion "1"]
[SourceVersionDate "2023.10.10"]
[SourceQuality "1"]
[WhiteTeam "Wisznia Mala Bialy Krol"]
[BlackTeam "Legnica Miedz"]
[WhiteTeamCountry "POL"]
[BlackTeamCountry "POL"]

1. Nf3 Nf6 2. b3 d6 3. d4 g6 4. c4 Bg7 5. Nc3 0-0 6. g3 Nbd7 7. Bg2 c6 8. 0-0 Re8 9. h3 Rb8 10. a4 e5 11. a5 Nh5 12. dxe5 dxe5 13. Bg5 Qc7 14. Ne4 Bf8 15. Qc1 f5 16. Nc3 Nc5 17. Rb1 Ne6 18. Be3 b6 19. axb6 axb6 20. Bh6 Be7 21. e4 f4 22. g4 Nf6 23. b4 Ba6 24. b5 cxb5 25. cxb5 Bb7 26. Nd5 Nxd5 27. exd5 Nc5 28. Ng5 Qd6 29. Rd1 Rec8 30. Qd2 Ra8 31. Re1 Re8 32. Red1 Ra4 33. Qc2 Rea8 34. Ne6 Ra2 35. Qc3 R8a3 36. Qb4 Ra4 37. Qc3 R2a3 38. Qc2 Ra2 39. Qc3 R2a3 40. Qc2 Bc8 41. Bg5 Bxg5 42. Nxg5 Bb7 43. Ne6 Ra2 44. Qc3 R4a3 45. Qc4 Ra4 46. Qc3 R2a3 47. Qc2 Nd7 48. Nd8 Qc5 49. Qxc5 Nxc5 50. Nxb7 Nxb7 51. d6 f3 52. Rbc1 Ra8 53. Rc7 Ra1 54. Bxf3 Nxd6 55. Rc6 Nxb5 56. Rxb6 Rxd1+ 57. Bxd1 Nd4 58. Kg2 Ra7 59. h4 Kg7 1/2-1/2

[Event "POL-chT 2nd League"]
[Site "Jastrzebia Gora"]
[Date "2023.09.07"]
[Round "6.20"]
[White "Kolodziejski, Piotr"]
[Black "Marszk, Kazimierz"]
[Result "1-0"]
[WhiteElo "2276"]
[BlackElo "1801"]
[PlyCount "155"]
[EventDate "2023.09.02"]
[EventType "team-swiss"]
[EventRounds "9"]
[EventCountry "POL"]
[SourceTitle "EXT 2024"]
[Source "ChessBase"]
[SourceDate "2023.10.10"]
[SourceVersion "1"]
[SourceVersionDate "2023.10.10"]
[SourceQuality "1"]
[WhiteTeam "Legnica Miedz"]
[BlackTeam "Lipusz WDA"]
[WhiteTeamCountry "POL"]
[BlackTeamCountry "POL"]

1. e4 c5 2. Nf3 g6 3. c4 Bg7 4. d4 cxd4 5. Nxd4 Nf6 6. Nc3 0-0 7. Be3 Nc6 8. Be2 d6 9. 0-0 Bd7 10. h3 Rc8 11. b3 a6 12. Rc1 Nxd4 13. Bxd4 Bc6 14. Qd3 e5 15. Be3 Qe7 16. Rfd1 Rfd8 17. Bb6 Re8 18. Bg4 Nxg4 19. hxg4 Bf8 20. Qg3 g5 21. a4 Qe6 22. Rd3 Qg6 23. f3 Bd7 24. Rcd1 Be6 25. Qf2 Kg7 26. Ne2 Rc6 27. Ng3 Rec8 28. Kf1 Kg8 29. a5 Be7 30. Qd2 h6 31. Kf2 f6 32. Rh1 Kf7 33. Nf1 Rh8 34. Ng3 Rhc8 35. Ke2 Bf8 36. Nf1 Kg7 37. Ne3 Qf7 38. Nc2 Re8 39. Nb4 Rcc8 40. Kf2 Be7 41. Nc2 Rc6 42. Qd1 Rh8 43. Ne3 Rhc8 44. Qd2 Qg6 45. g3 Rh8 46. Rh5 Rf8 47. Rh2 Kf7 48. Qd1 Rg8 49. Rd2 Rh8 50. Rh5 Kf8 51. Kf1 Kf7 52. Rdh2 Bf8 53. Qd3 Be7 54. Nf5 Bf8 55. Ne3 Kg7 56. Ke1 Qf7 57. Kd1 Kg8 58. Rc2 Be7 59. Kc1 Kg7 60. Rch2 Bf8 61. Kb2 Be7 62. Qd1 Qg6 63. Nc2 Qf7 64. Nb4 Rcc8 65. Nc2 Rc6 66. Qd3 Rcc8 67. Ne3 Rc6 68. Qd1 Bf8 69. Ka2 Be7 70. f4 Qe8 71. Qh1 exf4 72. gxf4 gxf4 73. Nf5+ Bxf5 74. gxf5 Bf8 75. Rxh6 Rxh6 76. Rxh6 Kf7 77. Qh5+ Ke7 78. Rh7+ 1-0

[Event "POL-chT 2nd League"]
[Site "Jastrzebia Gora"]
[Date "2023.09.06"]
[Round "5.2"]
[White "Marczuk, Dominik"]
[Black "Kolodziejski, Piotr"]
[Result "1-0"]
[WhiteElo "2253"]
[BlackElo "2276"]
[PlyCount "113"]
[EventDate "2023.09.02"]
[EventType "team-swiss"]
[EventRounds "9"]
[EventCountry "POL"]
[SourceTitle "EXT 2024"]
[Source "ChessBase"]
[SourceDate "2023.10.10"]
[SourceVersion "1"]
[SourceVersionDate "2023.10.10"]
[SourceQuality "1"]
[WhiteTeam "Krakow KKSz"]
[BlackTeam "Legnica Miedz"]
[WhiteTeamCountry "POL"]
[BlackTeamCountry "POL"]

1. c4 Nf6 2. g3 e5 3. Bg2 c6 4. d4 d6 5. Nc3 Be7 6. e4 exd4 7. Qxd4 Qb6 8. Nge2 Ng4 9. Qxb6 axb6 10. f4 Na6 11. h3 Nf6 12. Be3 Nd7 13. 0-0-0 Kd8 14. Bd4 Rg8 15. h4 Kc7 16. g4 Ndc5 17. Bf3 Ne6 18. Be3 Nac5 19. b3 Re8 20. Rd2 Nf8 21. h5 Nfe6 22. Kb1 Rh8 23. Ng3 Bf6 24. Nce2 Nf8 25. g5 Be7 26. Nd4 g6 27. f5 Ncd7 28. hxg6 fxg6 29. fxg6 Nxg6 30. Rdh2 Ndf8 31. Ndf5 Bd8 32. Rd2 Ne6 33. Rxd6 Bxg5 34. Rxe6 Bxe3 35. Rxg6 hxg6 36. Rxh8 gxf5 37. Nxf5 Bf4 38. Ne7 Bd6 39. Rh7 Bxe7 40. Rxe7+ Kd8 41. Rg7 Ra5 42. Kb2 Bd7 43. a3 Ke8 44. b4 Re5 45. Kc3 c5 46. b5 Kd8 47. Kd3 Re8 48. Ke3 Kc8 49. Bh5 Rh8 50. Bf7 Rh3+ 51. Kf4 Rxa3 52. Ke5 Rh3 53. Kd6 Rh6+ 54. Rg6 Rh8 55. Rg8+ Rxg8 56. Bxg8 Kd8 57. Bf7 1-0

[Event "POL-ch Blitz U18"]
[Site "Bydgoszcz"]
[Date "2023.08.31"]
[Round "4"]
[White "Wojdak, Jan"]
[Black "Kolodziejski, Piotr"]
[Result "1-0"]
[WhiteElo "2083"]
[BlackElo "2009"]
[PlyCount "83"]
[EventDate "2023.08.28"]
[EventType "swiss"]
[EventRounds "10"]
[EventCountry "POL"]
[SourceTitle "EXT 2024"]
[Source "ChessBase"]
[SourceDate "2023.10.10"]
[SourceVersion "1"]
[SourceVersionDate "2023.10.10"]
[SourceQuality "1"]

1. e4 c5 2. Nf3 d6 3. c3 Nf6 4. h3 Nc6 5. Bd3 g6 6. Bc2 e5 7. d4 cxd4 8. cxd4 exd4 9. Nxd4 Bg7 10. Nxc6 bxc6 11. 0-0 0-0 12. Nc3 Re8 13. Re1 Bb7 14. Bb3 d5 15. e5 Nd7 16. f4 Nc5 17. Be3 Bf8 18. Bc2 Bc8 19. Qf3 f5 20. Rad1 Qc7 21. Qf2 Ne4 22. Bxe4 fxe4 23. Bc5 Bxc5 24. Qxc5 Qb6 25. Na4 Qxc5+ 26. Nxc5 Rb8 27. b3 Rf8 28. Rf1 h5 29. Rd4 Rb5 30. b4 a5 31. a3 axb4 32. axb4 h4 33. g4 hxg3 34. Kg2 Bf5 35. Kxg3 Rfb8 36. Ra1 Rxb4 37. Rxb4 Rxb4 38. Ra8+ Kg7 39. Ra7+ Kh6 40. e6 Bxe6 41. Nxe6 e3 42. Ng5 1-0

[Event "POL-ch U18"]
[Site "Jastrzebia Gora"]
[Date "2023.??.??"]
[Round "7"]
[White "Lis, Maksymilian"]
[Black "Kolodziejski, Piotr"]
[Result "1/2-1/2"]
[WhiteElo "1784"]
[BlackElo "2118"]
[PlyCount "109"]
[EventDate "2023.03.11"]
[EventType "swiss"]
[EventRounds "9"]
[EventCountry "POL"]
[SourceTitle "CBM 213 Extra"]
[Source "ChessBase"]
[SourceDate "2023.05.31"]
[SourceVersion "1"]
[SourceVersionDate "2023.05.31"]
[SourceQuality "1"]

1. d4 Nf6 2. c4 e6 3. Nc3 Bb4 4. e3 0-0 5. Bd3 d5 6. Nge2 dxc4 7. Bxc4 c5 8. a3 Bxc3+ 9. bxc3 Qc7 10. Bd3 b6 11. 0-0 Bb7 12. Ng3 e5 13. e4 cxd4 14. cxd4 Nbd7 15. d5 Nc5 16. Bb2 Nxd3 17. Qxd3 Nd7 18. Rfc1 Nc5 19. Qd1 f6 20. a4 Rfc8 21. Ba3 g6 22. a5 Qd6 23. Qe2 Rc7 24. Qe3 Rac8 25. axb6 axb6 26. Rcb1 f5 27. exf5 Qxd5 28. f3 Nd7 29. Rd1 Qf7 30. fxg6 hxg6 31. Ne4 Bxe4 32. Qxe4 Rc4 33. Qd5 Qxd5 34. Rxd5 Rd4 35. Rd1 Rxd1+ 36. Rxd1 Rc7 37. Rd5 Kf7 38. Rb5 Ke6 39. h4 Rc4 40. Rb4 Rxb4 41. Bxb4 Nf6 42. Kf2 b5 43. Ke2 Nd5 44. Bd2 Nf4+ 45. Kf1 Nd5 46. g4 e4 47. fxe4 Nf6 48. h5 gxh5 49. gxh5 Nxe4 50. h6 Nxd2+ 51. Ke2 Kf6 52. Kxd2 Kg6 53. Kc3 Kxh6 54. Kb4 Kh7 55. Kxb5 1/2-1/2

[Event "EU-ch Rapid"]
[Site "Katowice"]
[Date "2022.12.18"]
[Round "10"]
[White "Stremavicius, Pijus"]
[Black "Kolodziejski, Piotr"]
[Result "1-0"]
[WhiteElo "2369"]
[BlackElo "2091"]
[PlyCount "55"]
[EventDate "2022.12.17"]
[EventType "swiss (rapid)"]
[EventRounds "11"]
[EventCountry "POL"]
[SourceTitle "CBM 211 Extra"]
[Source "ChessBase"]
[SourceDate "2023.01.31"]
[SourceVersion "1"]
[SourceVersionDate "2023.01.31"]
[SourceQuality "1"]

1. d4 Nf6 2. c4 e6 3. g3 d5 4. Nf3 b6 5. cxd5 exd5 6. Bg2 Bd6 7. 0-0 0-0 8. Nc3 c6 9. Bg5 h6 10. Bxf6 Qxf6 11. e4 dxe4 12. Nxe4 Qe7 13. Re1 Be6 14. Ne5 Rd8 15. Qc2 Bd5 16. Rad1 Bxe5 17. dxe5 Nd7 18. f4 Nc5 19. Nd6 Bxg2 20. Kxg2 Qc7 21. b4 Nb7 22. Ne4 c5 23. bxc5 bxc5 24. Qc3 Rxd1 25. Rxd1 Rd8 26. Rc1 Qc6 27. Qf3 Rd4 28. Nf6+ 1-0

[Event "EU-ch Rapid"]
[Site "Katowice"]
[Date "2022.12.17"]
[Round "2"]
[White "Kazakouski, Valery"]
[Black "Kolodziejski, Piotr"]
[Result "1-0"]
[WhiteElo "2539"]
[BlackElo "2091"]
[PlyCount "107"]
[EventDate "2022.12.17"]
[EventType "swiss (rapid)"]
[EventRounds "11"]
[EventCountry "POL"]
[SourceTitle "CBM 211 Extra"]
[Source "ChessBase"]
[SourceDate "2023.01.31"]
[SourceVersion "1"]
[SourceVersionDate "2023.01.31"]
[SourceQuality "1"]

1. Nf3 Nf6 2. c4 c6 3. g3 d5 4. Bg2 e6 5. b3 Nbd7 6. 0-0 Bd6 7. Nc3 0-0 8. Qc2 e5 9. cxd5 cxd5 10. Nb5 Bb8 11. Ba3 Re8 12. Nd6 Bxd6 13. Bxd6 Qb6 14. Qc7 Qxc7 15. Bxc7 b6 16. Rfc1 Bb7 17. Bd6 Ne4 18. Ba3 Rac8 19. Bh3 Rxc1+ 20. Rxc1 Nec5 21. Bxd7 Nxd7 22. Rc7 Bc8 23. Rxa7 f6 24. d4 Kf7 25. dxe5 fxe5 26. Bb2 Ke6 27. Kf1 h6 28. Ke1 Re7 29. Nxe5 Nxe5 30. Rxe7+ Kxe7 31. Bxe5 g6 32. Bd4 b5 33. Kd2 Bh3 34. f3 h5 35. Ke3 Ke6 36. a4 bxa4 37. bxa4 Kf7 38. a5 Bc8 39. Kf4 Ba6 40. e3 Ke6 41. Kg5 Bd3 42. a6 Bxa6 43. Kxg6 Be2 44. Kxh5 Bxf3+ 45. Kg5 Kf7 46. h4 Kg8 47. h5 Kh7 48. Kh4 Be4 49. g4 Bf3 50. g5 Be4 51. g6+ Kh6 52. Be5 Bf3 53. Bf4+ Kg7 54. Kg5 1-0

[Event "EU-ch Blitz"]
[Site "Katowice"]
[Date "2022.12.16"]
[Round "4"]
[White "Larkin, Vladislav"]
[Black "Kolodziejski, Piotr"]
[Result "1-0"]
[WhiteElo "2452"]
[BlackElo "2091"]
[PlyCount "47"]
[EventDate "2022.12.16"]
[EventType "swiss (blitz)"]
[EventRounds "22"]
[EventCountry "POL"]
[SourceTitle "CBM 211 Extra"]
[Source "ChessBase"]
[SourceDate "2023.01.31"]
[SourceVersion "1"]
[SourceVersionDate "2023.01.31"]
[SourceQuality "1"]

1. e4 c6 2. d4 d5 3. f3 dxe4 4. fxe4 e5 5. Nf3 exd4 6. Bc4 Be6 7. Bxe6 fxe6 8. 0-0 Nf6 9. e5 Nfd7 10. Ng5 Nxe5 11. Nxe6 Qd6 12. Qh5+ g6 13. Qh3 Nbd7 14. Nd2 d3 15. Ne4 Qb8 16. cxd3 Be7 17. Ng7+ Kd8 18. Bf4 b5 19. d4 Qb6 20. Ne6+ Ke8 21. Kh1 Nc4 22. Nc7+ Kd8 23. Nxa8 Qxd4 24. Rad1 1-0

[Event "EU-ch Blitz"]
[Site "Katowice"]
[Date "2022.12.16"]
[Round "16"]
[White "Martinez Pla, Xavier"]
[Black "Kolodziejski, Piotr"]
[Result "1-0"]
[WhiteElo "2277"]
[BlackElo "2091"]
[PlyCount "121"]
[EventDate "2022.12.16"]
[EventType "swiss (blitz)"]
[EventRounds "22"]
[EventCountry "POL"]
[SourceTitle "CBM 211 Extra"]
[Source "ChessBase"]
[SourceDate "2023.01.31"]
[SourceVersion "1"]
[SourceVersionDate "2023.01.31"]
[SourceQuality "1"]

1. e4 c5 2. Nf3 e6 3. d4 cxd4 4. Nxd4 Nc6 5. Nc3 Qc7 6. Be3 a6 7. a3 Nf6 8. f4 d6 9. Qf3 Be7 10. Nxc6 bxc6 11. g4 d5 12. g5 Nxe4 13. Nxe4 dxe4 14. Qxe4 Bb7 15. Bg2 Rb8 16. 0-0-0 0-0 17. Qa4 Rfd8 18. h4 c5 19. Rxd8+ Rxd8 20. Be4 Bxe4 21. Qxe4 Qd6 22. Qc4 Qd5 23. Qxd5 exd5 24. Re1 Kf8 25. f5 d4 26. Bf4 Bd6 27. Bxd6+ Rxd6 28. Re5 Rc6 29. Kd2 c4 30. Rd5 c3+ 31. bxc3 Rxc3 32. a4 Rf3 33. Rxd4 Rxf5 34. Kc3 Ke7 35. Kb4 h6 36. gxh6 gxh6 37. c4 a5+ 38. Kc3 Rf3+ 39. Kb2 f5 40. Rd5 Rf4 41. Kc3 Ke6 42. Rxa5 Rxh4 43. Ra8 Kd6 44. Kb4 Kc6 45. Ra6+ Kb7 46. Rf6 f4 47. Kb5 Rh1 48. Rf7+ Kc8 49. Rxf4 h5 50. Rf7 h4 51. c5 h3 52. Kc6 Kb8 53. Kd7 h2 54. Kc6 Ka8 55. Rh7 Kb8 56. Rh8+ Ka7 57. a5 Ra1 58. Rxh2 Rxa5 59. Rb2 Ra1 60. Kc7 Rd1 61. Ra2# 1-0

[Event "POL-chT 2nd League"]
[Site "Jastrzebia Gora"]
[Date "2022.09.11"]
[Round "9.42"]
[White "Kolodziejski, Piotr"]
[Black "Zysko, Jan"]
[Result "1/2-1/2"]
[WhiteElo "2057"]
[BlackElo "2071"]
[PlyCount "93"]
[EventDate "2022.09.03"]
[EventType "team-swiss"]
[EventRounds "9"]
[EventCountry "POL"]
[SourceTitle "CBM 210 Extra"]
[Source "ChessBase"]
[SourceDate "2022.11.30"]
[SourceVersion "1"]
[SourceVersionDate "2022.11.30"]
[SourceQuality "1"]
[WhiteTeam "Legnica Miedz"]
[BlackTeam "Warszawa Mogalo"]
[WhiteTeamCountry "POL"]
[BlackTeamCountry "POL"]

1. e4 c5 2. Ne2 Nc6 3. d4 cxd4 4. Nxd4 Nf6 5. Nc3 d6 6. Bg5 e6 7. Qd2 a6 8. 0-0-0 Bd7 9. f3 Nxd4 10. Qxd4 Be7 11. h4 Qc7 12. Kb1 b5 13. h5 h6 14. Be3 b4 15. Ne2 0-0 16. g4 Rfc8 17. Rc1 Nh7 18. Qd2 a5 19. c4 bxc3 20. Rxc3 Qd8 21. Rxc8 Qxc8 22. Bg2 Qb7 23. Rc1 Rb8 24. Nc3 Bc6 25. Rc2 Nf6 26. Qc1 Nd7 27. Bf1 Nc5 28. g5 hxg5 29. Bxg5 Bf8 30. h6 g6 31. h7+ Kxh7 32. Rh2+ Kg8 33. Bf6 Bg7 34. Qf4 Nd7 35. Bxg7 Kxg7 36. Qxd6 Rh8 37. Rxh8 Kxh8 38. a3 Qb6 39. Bd3 Kg7 40. f4 Qc5 41. Qxc5 Nxc5 42. Bc2 a4 43. Kc1 f6 44. Kd2 e5 45. fxe5 fxe5 46. Ke3 Kf6 47. Kf3 1/2-1/2

[Event "POL-chT 2nd League"]
[Site "Jastrzebia Gora"]
[Date "2022.09.10"]
[Round "8.19"]
[White "Maciejczak, Jakub"]
[Black "Kolodziejski, Piotr"]
[Result "1-0"]
[WhiteElo "2374"]
[BlackElo "2057"]
[PlyCount "31"]
[EventDate "2022.09.03"]
[EventType "team-swiss"]
[EventRounds "9"]
[EventCountry "POL"]
[SourceTitle "CBM 210 Extra"]
[Source "ChessBase"]
[SourceDate "2022.11.30"]
[SourceVersion "1"]
[SourceVersionDate "2022.11.30"]
[SourceQuality "1"]
[WhiteTeam "Ostrow Wielkopolski"]
[BlackTeam "Legnica Miedz"]
[WhiteTeamCountry "POL"]
[BlackTeamCountry "POL"]

1. e4 c5 2. Nc3 a6 3. a4 Nc6 4. g3 e6 5. Bg2 d6 6. d3 g6 7. f4 Nge7 8. Nf3 Bg7 9. 0-0 0-0 10. Be3 f5 11. Qd2 Qa5 12. Rfe1 Bd7 13. Qf2 Bc8 14. Qd2 Bd7 15. Qf2 Rae8 16. e5 1-0

[Event "POL-chT 2nd League"]
[Site "Jastrzebia Gora"]
[Date "2022.09.09"]
[Round "7.37"]
[White "Brylowski, Marian"]
[Black "Kolodziejski, Piotr"]
[Result "1/2-1/2"]
[WhiteElo "2065"]
[BlackElo "2057"]
[PlyCount "107"]
[EventDate "2022.09.03"]
[EventType "team-swiss"]
[EventRounds "9"]
[EventCountry "POL"]
[SourceTitle "CBM 210 Extra"]
[Source "ChessBase"]
[SourceDate "2022.11.30"]
[SourceVersion "1"]
[SourceVersionDate "2022.11.30"]
[SourceQuality "1"]
[WhiteTeam "Lipusz WDA"]
[BlackTeam "Legnica Miedz"]
[WhiteTeamCountry "POL"]
[BlackTeamCountry "POL"]

1. e4 c5 2. Nf3 e6 3. d3 Nc6 4. g3 d5 5. Nbd2 Nf6 6. Bg2 Be7 7. 0-0 0-0 8. Re1 b5 9. e5 Nd7 10. h4 a5 11. Nf1 h6 12. N1h2 b4 13. Ng4 Re8 14. Bf4 Ba6 15. h5 Nd4 16. c4 bxc3 17. bxc3 Nxf3+ 18. Qxf3 Bg5 19. c4 Nb6 20. Rab1 Rb8 21. Red1 Qe7 22. Bd2 dxc4 23. Bxa5 Nd5 24. Rxb8 Rxb8 25. dxc4 Bxc4 26. Qe4 Qa7 27. Qxc4 Qxa5 28. Bxd5 exd5 29. Qxd5 Rd8 30. Qb3 Rxd1+ 31. Qxd1 Qxa2 32. Qd7 Qa1+ 33. Kh2 Qa8 34. e6 fxe6 35. Qxe6+ Kh8 36. Ne5 c4 37. Qxc4 Bf6 38. Ng6+ Kh7 39. Qd3 Kg8 40. Qd7 Kh7 41. Qf5 Kg8 42. Kh3 Qh1+ 43. Kg4 Qd1+ 44. f3 Qa4+ 45. Kh3 Qc4 46. Nf4 Qf1+ 47. Kg4 Qc1 48. Qe6+ Kh7 49. Ng6 Qg5+ 50. Kh3 Qxh5+ 51. Nh4 Bxh4 52. Qe4+ Kh8 53. gxh4 g6 54. Qe6 1/2-1/2

[Event "POL-chT 2nd League"]
[Site "Jastrzebia Gora"]
[Date "2022.09.03"]
[Round "1.68"]
[White "Maj, Andrzej"]
[Black "Kolodziejski, Piotr"]
[Result "0-1"]
[WhiteElo "2194"]
[BlackElo "2057"]
[PlyCount "80"]
[EventDate "2022.09.03"]
[EventType "team-swiss"]
[EventRounds "9"]
[EventCountry "POL"]
[SourceTitle "CBM 210 Extra"]
[Source "ChessBase"]
[SourceDate "2022.11.30"]
[SourceVersion "1"]
[SourceVersionDate "2022.11.30"]
[SourceQuality "1"]
[WhiteTeam "Choszczno Skoczek"]
[BlackTeam "Legnica Miedz"]
[WhiteTeamCountry "POL"]
[BlackTeamCountry "POL"]

1. d4 Nf6 2. c4 e6 3. Nc3 Bb4 4. Bg5 h6 5. Bh4 c5 6. d5 exd5 7. cxd5 d6 8. e3 0-0 9. Bd3 Nbd7 10. Nge2 a6 11. 0-0 b5 12. Ne4 g5 13. Bg3 Nxe4 14. Bxe4 Qe7 15. Bf5 Nf6 16. Qc2 Kg7 17. Bxc8 Rfxc8 18. Rad1 Re8 19. Kh1 Qe4 20. Qb3 Rad8 21. Nc3 Bxc3 22. Qxc3 b4 23. Qd2 Nh5 24. Qe2 Nxg3+ 25. hxg3 Ra8 26. Rfe1 Qe5 27. g4 Ra7 28. Kg1 f5 29. a4 fxg4 30. Qxg4 Qxb2 31. f4 Qf6 32. Rf1 Qg6 33. Rde1 gxf4 34. Qxf4 Rf7 35. Qc4 Rxf1+ 36. Rxf1 Qe4 37. Qxa6 Qxe3+ 38. Kh1 Qe2 39. Qxe2 Rxe2 40. Ra1 b3 0-1

[Event "Polanica Zdroj op-A 58th"]
[Site "Polanica Zdroj"]
[Date "2022.08.17"]
[Round "5"]
[White "Bugajski, Robert"]
[Black "Kolodziejski, Piotr"]
[Result "1-0"]
[WhiteElo "2075"]
[BlackElo "2107"]
[PlyCount "103"]
[EventDate "2022.08.13"]
[EventType "swiss"]
[EventRounds "9"]
[EventCountry "POL"]
[SourceTitle "CBM 210 Extra"]
[Source "ChessBase"]
[SourceDate "2022.11.30"]
[SourceVersion "1"]
[SourceVersionDate "2022.11.30"]
[SourceQuality "1"]

1. Nf3 Nf6 2. g3 d5 3. Bg2 c6 4. 0-0 Bf5 5. d3 h6 6. Nbd2 e6 7. b3 Be7 8. Bb2 0-0 9. c4 Nbd7 10. Qc2 Bh7 11. Rad1 a5 12. a3 Qb6 13. Qc3 Nc5 14. Ne5 Rfd8 15. h3 d4 16. Qc2 Ncd7 17. Nef3 e5 18. Rfe1 Bc5 19. Rb1 Re8 20. Ne4 Nxe4 21. dxe4 Nf6 22. Nh2 Qc7 23. Ng4 Nd7 24. Red1 h5 25. Nh2 Nf6 26. Bc1 Qe7 27. a4 Nd7 28. Nf3 Nf8 29. Ne1 Qe6 30. Nd3 Nd7 31. e3 Rad8 32. Kh2 Qe7 33. exd4 Bxd4 34. Qe2 h4 35. g4 g5 36. Qd2 f6 37. Qxa5 Nf8 38. Qe1 Rd7 39. Be3 c5 40. b4 cxb4 41. Nxb4 Bxe3 42. fxe3 Rxd1 43. Qxd1 Ne6 44. Nd5 Qf7 45. Qb3 Nc7 46. Qxb7 Nxd5 47. cxd5 Re7 48. Qc8+ Kg7 49. Rc1 Re8 50. Qc7 Re7 51. d6 Rxc7 52. dxc7 1-0

[Event "Polanica Zdroj op-A 58th"]
[Site "Polanica Zdroj"]
[Date "2022.08.16"]
[Round "4"]
[White "Kolodziejski, Piotr"]
[Black "Dziewonski, Dariusz"]
[Result "1/2-1/2"]
[WhiteElo "2107"]
[BlackElo "2029"]
[PlyCount "52"]
[EventDate "2022.08.13"]
[EventType "swiss"]
[EventRounds "9"]
[EventCountry "POL"]
[SourceTitle "CBM 210 Extra"]
[Source "ChessBase"]
[SourceDate "2022.11.30"]
[SourceVersion "1"]
[SourceVersionDate "2022.11.30"]
[SourceQuality "1"]

1. e4 e5 2. Nf3 Nc6 3. Bb5 a6 4. Bxc6 dxc6 5. 0-0 f6 6. d4 exd4 7. Nxd4 c5 8. Ne2 Qxd1 9. Rxd1 Bd7 10. Nbc3 0-0-0 11. Bf4 Ne7 12. Rd2 g5 13. Bg3 Bg7 14. Rad1 h6 15. f3 b6 16. b3 f5 17. Bf2 fxe4 18. fxe4 Bg4 19. h3 Rxd2 20. Rxd2 Be6 21. Nd1 a5 22. Ne3 Rd8 23. Rxd8+ Kxd8 24. Be1 Bd4 25. Nxd4 cxd4 26. Nd1 c5 1/2-1/2

[Event "Bydgoszcz op-A"]
[Site "Bydgoszcz"]
[Date "2022.07.02"]
[Round "8"]
[White "Kolodziejski, Piotr"]
[Black "Zalega, Maciej"]
[Result "1-0"]
[WhiteElo "2107"]
[BlackElo "1936"]
[PlyCount "79"]
[EventDate "2022.06.25"]
[EventType "swiss"]
[EventRounds "10"]
[EventCountry "POL"]
[SourceTitle "CBM 209 Extra"]
[Source "ChessBase"]
[SourceDate "2022.09.30"]
[SourceVersion "1"]
[SourceVersionDate "2022.09.30"]
[SourceQuality "1"]

1. e4 c5 2. Ne2 Nc6 3. d4 cxd4 4. Nxd4 Nf6 5. Nc3 d6 6. Bg5 e6 7. Qd2 a6 8. 0-0-0 Bd7 9. f3 Be7 10. Kb1 Qc7 11. h4 h6 12. Be3 h5 13. Bg5 Nxd4 14. Qxd4 b5 15. Ne2 Rb8 16. Qd3 a5 17. Nd4 0-0 18. g3 Rfc8 19. c3 b4 20. c4 a4 21. Rc1 Qb7 22. Bh3 Rc7 23. Rhd1 Rbc8 24. Nb5 Bxb5 25. cxb5 Rc5 26. Bf1 d5 27. e5 Ne8 28. Be3 Rc4 29. Qd2 Rxc1+ 30. Rxc1 Rd8 31. Qd4 b3 32. a3 Rc8 33. Rxc8 Qxc8 34. Bd3 f6 35. f4 fxe5 36. fxe5 Qb8 37. b6 g6 38. Qxa4 Ng7 39. Bd4 Nf5 40. Bxf5 1-0

[Event "POL-ch U16"]
[Site "Sypniewo"]
[Date "2022.03.22"]
[Round "4"]
[White "Starosciak, Szymon"]
[Black "Kolodziejski, Piotr"]
[Result "1/2-1/2"]
[WhiteElo "1921"]
[BlackElo "2115"]
[PlyCount "170"]
[EventDate "2022.03.19"]
[EventType "swiss"]
[EventRounds "9"]
[EventCountry "POL"]
[SourceTitle "CBM 207 Extra"]
[Source "ChessBase"]
[SourceDate "2022.05.31"]
[SourceVersion "1"]
[SourceVersionDate "2022.05.31"]
[SourceQuality "1"]

1. e4 c5 2. Nf3 d6 3. d4 cxd4 4. Nxd4 Nf6 5. Nc3 a6 6. Be2 e5 7. Nb3 Be7 8. Be3 Be6 9. Nd5 Bxd5 10. exd5 0-0 11. 0-0 Nfd7 12. Qd2 b6 13. c4 h6 14. Rac1 Nc5 15. f3 Nbd7 16. Na1 a5 17. Nc2 Bg5 18. Na3 f5 19. Nb5 Qf6 20. b3 Rf7 21. Rb1 Nf8 22. a3 Ng6 23. b4 Bxe3+ 24. Qxe3 Nd7 25. Nc7 Ra7 26. Ne6 Ngf8 27. c5 bxc5 28. bxc5 dxc5 29. Rfc1 Kh7 30. Nxc5 Nxc5 31. Qxc5 Qd8 32. Bb5 Ng6 33. d6 e4 34. fxe4 fxe4 35. d7 Raxd7 36. Bxd7 Rxd7 37. Qf5 e3 38. Re1 Rd3 39. Rb6 Qxb6 40. Qxd3 e2+ 41. Kh1 Qc5 42. Qxe2 Qxa3 43. Qe4 Qc5 44. h3 Qg5 45. Qc4 h5 46. Rd1 Kh6 47. Rd5 Qe3 48. Qf1 a4 49. Qd1 Nf4 50. Rd6+ Ng6 51. Qb1 Qg3 52. Ra6 a3 53. Qc1+ Kh7 54. Rxa3 Qf4 55. Qb1 Qg5 56. Ra6 Kh6 57. Rc6 Kh7 58. Qe4 Qg3 59. Rc5 Kh6 60. Qf5 Nf4 61. Rc6+ Ng6 62. Re6 Qg5 63. Qd3 Kh7 64. Rc6 Kh6 65. Kg1 Kh7 66. h4 Qg4 67. g3 Kh6 68. Kh2 Kh7 69. Rc5 Kh6 70. Rg5 Qe6 71. Qd2 Kh7 72. Rxh5+ Kg8 73. Rg5 Ne5 74. Qd8+ Kf7 75. Qc7+ Nd7 76. Qf4+ Nf6 77. Qf3 Kg8 78. Rf5 Qa2+ 79. Kh3 Qe6 80. g4 Kh7 81. Rg5 Kg8 82. h5 Ne4 83. Rg6 Qxg6 84. hxg6 Ng5+ 85. Kg3 Nxf3 1/2-1/2

[Event "POL-chT 2nd League"]
[Site "Sypniewo"]
[Date "2021.09.08"]
[Round "5.16"]
[White "Tomczak, Michal"]
[Black "Kolodziejski, Piotr"]
[Result "0-1"]
[WhiteElo "1930"]
[BlackElo "2048"]
[PlyCount "162"]
[EventDate "2021.09.04"]
[EventType "team-swiss"]
[EventRounds "9"]
[EventCountry "POL"]
[SourceTitle "CBM 204 Extra"]
[Source "ChessBase"]
[SourceDate "2021.11.30"]
[SourceVersion "1"]
[SourceVersionDate "2021.11.30"]
[SourceQuality "1"]
[WhiteTeam "Srem LKS Piast"]
[BlackTeam "Legnica Miedz II"]
[WhiteTeamCountry "POL"]
[BlackTeamCountry "POL"]

1. e4 c6 2. d4 d5 3. e5 c5 4. dxc5 e6 5. Be3 Qc7 6. Nc3 a6 7. Na4 Nd7 8. Nf3 Nxc5 9. Nxc5 Bxc5 10. Bxc5 Qxc5 11. c3 Ne7 12. Bd3 Bd7 13. a4 Nc6 14. Rc1 Qe7 15. 0-0 0-0 16. h4 f6 17. exf6 gxf6 18. Re1 e5 19. Bb1 Be6 20. Ba2 Rad8 21. b4 Qg7 22. Kh2 Ne7 23. Bb1 Kh8 24. Nd4 Bg4 25. f3 Bc8 26. Ne2 Rg8 27. Rg1 Bf5 28. g4 Bxb1 29. Rxb1 Qh6 30. h5 f5 31. Qc1 Qe6 32. g5 f4 33. Qe1 Nf5 34. Nxf4 Qe8 35. Nh3 Qxh5 36. Qxe5+ Ng7 37. Qg3 Rgf8 38. Rgf1 Rde8 39. Rb2 Re3 40. Rbf2 Rxc3 41. Kg2 Qf7 42. Rh1 Rc6 43. Qe5 Kg8 44. Rd1 Nf5 45. Kh2 d4 46. Rg1 Nh4 47. f4 Nf5 48. g6 Rxg6 49. Rfg2 Nh4 50. Rxg6+ hxg6 51. Ng5 Qf6 52. Qc7 Qg7 53. Qxg7+ Kxg7 54. Ne6+ Kf7 55. Nxf8 Nf3+ 56. Kg2 Nxg1 57. Nd7 Ne2 58. Kf3 Nc3 59. Nc5 Nd5 60. Ke4 Nxb4 61. Kxd4 b5 62. axb5 axb5 63. Nd7 Na6 64. Kd5 b4 65. Kd4 Ke7 66. Ne5 Kf6 67. Nd3 Kf5 68. Ne5 b3 69. Nd3 Nb4 70. Nb2 Na2 71. Nd3 Nc1 72. Nb2 Kxf4 73. Kc3 g5 74. Kd2 Na2 75. Ke2 Nb4 76. Kf2 g4 77. Kg2 g3 78. Kg1 Kf3 79. Kf1 Nd5 80. Nd3 Nf4 81. Nb2 g2+ 0-1